000 00320 a2200157 4500
001 170239
020 _a
040 _cMagnum
100 _aBarbosa, Jacqueline Peixoto
240 1 0 _aNarrativa de enigma
_lpor
245 1 0 _aNarrativa de enigma
362 0 _a1899
440 1 _aFTD
697 _aGERAL
942 _cBK
999 _c170239
_d170239